Religion catholique : sainte Marguerite-Marie Alacoque - Statistiques

Statistiques générales
  • Ce quiz a été pris 19 fois
  • Le résultat moyen est 11 sur 16
Statistiques - réponses
Questions Réponses % Correct
Aide surnaturelle accordée par Dieu aux hommes pour leur salut. La première promesse du Seigneur à sainte Marguerite-Marie était d'accorder aux personnes dévouées à [la réponse #7], toutes les ____s nécessaires à leur état. Grâce
92%
Symbole de l'amour divin par lequel Dieu a pris la nature humaine et a donné Sa vie pour les hommes. Jésus Christ confia à sainte Marguerite-Marie qu'il fallait que soit instituée la fête de ce symbole et promis qu'Il bénira les maisons où l'image de celui-ci sera exposée et honorée (la neuvième promesse du Christ à sainte Marguerite-Marie). Le Sacré-Cœur
92%
Siècle au cours duquel vécut sainte Marguerite-Marie. Le XVIIe siècle
92%
Ville de la région évoquée plus haut (réponse #1), ville située au coeur du Charolais, traversée par la Bourbince et aujourd'hui par le canal du Centre. C'est dans un couvent de cette ville que sainte Marguerite-Marie entra en religion et dans cette ville qu'elle décéda. Paray-Le-Monial
92%
Roi de France à qui le Christ demanda par le truchement de sainte Marguerite-Marie que la France soit consacrée au précédent et que ce dernier soit représenté sur les étendards du royaume, demande qui fut restée lettre morte. Louis XIV
85%
À l'âge de cinq ans, à l'insu de tout son entourage, elle fait sa première consécration à la messe en prononçant ces mots : « Ô mon Dieu, je vous consacre ma pureté et vous fais vœu de perpétuelle _______ ». Chasteté
77%
Nombre total de promesses faites par le Christ à sainte Marguerite-Marie. Douze
77%
Très sainte femme à qui sainte Marguerite-Marie fit le vœu de se consacrer à la vie religieuse. La sainte Vierge Marie
77%
Pays dont sont originaires Antonio Cuardi et Andrés Garrigó, réalisateurs de "Coeur brîlant", film hagiographique sur sainte Marguerite-Marie, sorti en 2020. L'Espagne
77%
Duché ou province puis région administrative française (jusqu'en 2006) où se situe Verosvres, le village natal de sainte Marguerite-Marie Alacoque. La Bourgogne
69%
Pape qui béatifia sainte Marguerite-Marie en 1864. Pie IX
69%
Pays où Maria Guadalupe Garcia Zavala fonda la congrégation des "Servantes de Sainte Marguerite-Marie et des pauvres", en 1901. Le Mexique
62%
Prêtre jésuite français qui fut le directeur spirituel de sainte Marguerite-Marie Alacoque, prêtre qu'elle considérait comme son « vrai et parfait ami ». Claude La Colombière
54%
Pape qui canonisa sainte Marguerite-Marie en 1920. Benoit XV
46%
Doctrine religieuse mise en place sous l'Ancien Régime et condamnée comme hérétique par le Concile du Vatican de 1870, qui cherche à organiser l'Église catholique du royaume de France, de façon autonome par rapport au pape. Les clercs représentants de cette doctrine se sont vigoureusement opposés à la canonisation de sainte Marguerite-Marie. Le gallicanisme
31%
Ordre monastique féminin de droit pontifical auquel appartenait sainte Marguerite-Marie. L'ordre de la Visitation de Sainte-Marie - Les Visitandines
31%
Aucun quiz correspondant
Distribution des résultats
% des personnes avec chaque résultat
Percentile par nombre de réponses
Votre historique - résultats
Vous n’avez pas pris ce quiz